<?xml version="1.0" encoding="UTF-8"?>
<record
    xmlns:xsi="http://www.w3.org/2001/XMLSchema-instance"
    xsi:schemaLocation="http://www.loc.gov/MARC21/slim http://www.loc.gov/standards/marcxml/schema/MARC21slim.xsd"
    xmlns="http://www.loc.gov/MARC21/slim">

  <leader>00875nam a22001817a 4500</leader>
  <datafield tag="999" ind1=" " ind2=" ">
    <subfield code="c">61545</subfield>
    <subfield code="d">61545</subfield>
  </datafield>
  <controlfield tag="005">20240322145222.0</controlfield>
  <controlfield tag="008">240322c1968    ge ||||| |||| 00| 0 geo d</controlfield>
  <datafield tag="041" ind1=" " ind2=" ">
    <subfield code="a">geo</subfield>
  </datafield>
  <datafield tag="245" ind1=" " ind2=" ">
    <subfield code="a">&#x10EB;&#x10D4;&#x10D2;&#x10DA;&#x10D8;&#x10E1; &#x10DB;&#x10D4;&#x10D2;&#x10DD;&#x10D1;&#x10D0;&#x10E0;&#x10D8; = &#x414;&#x440;&#x443;&#x437;&#x44C;&#x44F; &#x43F;&#x430;&#x43C;&#x44F;&#x442;&#x43D;&#x438;&#x43A;&#x43E;&#x432; &#x43A;&#x443;&#x43B;&#x44C;&#x442;&#x443;&#x440;&#x44B; :</subfield>
    <subfield code="b">1968 /</subfield>
    <subfield code="c">&#x10E0;&#x10D4;&#x10D3;&#x10D0;&#x10E5;&#x10E2;&#x10DD;&#x10E0;&#x10D8; &#x10D8;&#x10E0;&#x10D0;&#x10D9;&#x10DA;&#x10D8; &#x10D0;&#x10D1;&#x10D0;&#x10E8;&#x10D8;&#x10EB;&#x10D4;.</subfield>
  </datafield>
  <datafield tag="260" ind1=" " ind2=" ">
    <subfield code="a">&#x10D7;&#x10D1;&#x10D8;&#x10DA;&#x10D8;&#x10E1;&#x10D8;, </subfield>
    <subfield code="c">1964-</subfield>
  </datafield>
  <datafield tag="300" ind1=" " ind2=" ">
    <subfield code="a">V.</subfield>
  </datafield>
  <datafield tag="440" ind1=" " ind2=" ">
    <subfield code="a">&#x10DB;&#x10D0;&#x10E2;&#x10D4;&#x10E0;&#x10D8;&#x10D0;&#x10DA;&#x10E3;&#x10E0;&#x10D8; &#x10D9;&#x10E3;&#x10DA;&#x10E2;&#x10E3;&#x10E0;&#x10D8;&#x10E1; &#x10EB;&#x10D4;&#x10D2;&#x10DA;&#x10D4;&#x10D1;&#x10D8;</subfield>
    <subfield code="9">21550</subfield>
  </datafield>
  <datafield tag="653" ind1=" " ind2=" ">
    <subfield code="a">&#x10EB;&#x10D4;&#x10D2;&#x10DA;&#x10D8;&#x10E1; &#x10DB;&#x10D4;&#x10D2;&#x10DD;&#x10D1;&#x10D0;&#x10E0;&#x10D8;</subfield>
  </datafield>
  <datafield tag="653" ind1=" " ind2=" ">
    <subfield code="a">&#x10DE;&#x10D4;&#x10E0;&#x10D8;&#x10DD;&#x10D3;&#x10D8;&#x10D9;&#x10D0;</subfield>
  </datafield>
  <datafield tag="700" ind1=" " ind2=" ">
    <subfield code="a">&#x10D0;&#x10D1;&#x10D0;&#x10E8;&#x10D8;&#x10EB;&#x10D4;, &#x10D8;&#x10E0;&#x10D0;&#x10D9;&#x10DA;&#x10D8; </subfield>
    <subfield code="e">&#x10E0;&#x10D4;&#x10D3;&#x10D0;&#x10E5;&#x10E2;&#x10DD;&#x10E0;&#x10D8;</subfield>
    <subfield code="9">21552</subfield>
  </datafield>
  <datafield tag="856" ind1=" " ind2=" ">
    <subfield code="u">https://iverieli.nplg.gov.ge/bitstream/1234/27786/3/Dzeglis_Megobari_1968_N16.pdf</subfield>
    <subfield code="y">&#x10D4;&#x10DA;. &#x10D5;&#x10D4;&#x10E0;&#x10E1;&#x10D8;&#x10D0;. pdf</subfield>
  </datafield>
  <datafield tag="942" ind1=" " ind2=" ">
    <subfield code="2">udc</subfield>
    <subfield code="c">CR</subfield>
  </datafield>
  <datafield tag="952" ind1=" " ind2=" ">
    <subfield code="0">0</subfield>
    <subfield code="1">0</subfield>
    <subfield code="2">udc</subfield>
    <subfield code="4">0</subfield>
    <subfield code="7">0</subfield>
    <subfield code="9">98472</subfield>
    <subfield code="a">CPL</subfield>
    <subfield code="b">CPL</subfield>
    <subfield code="d">2024-03-22</subfield>
    <subfield code="h"># 16 (1968)</subfield>
    <subfield code="p">81161</subfield>
    <subfield code="r">2024-03-22</subfield>
    <subfield code="t">81161</subfield>
    <subfield code="u">&#x10D1;&#x10E1;&#x10E3;-&#x10E1; &#x10E1;&#x10D0;&#x10DE;&#x10D0;&#x10E2;&#x10D8;&#x10DD; &#x10D3;&#x10DD;&#x10E5;&#x10E2;&#x10DD;&#x10E0;&#x10D8;&#x10E1; &#x10D2;&#x10E3;&#x10E0;&#x10D0;&#x10DB; &#x10DA;&#x10DD;&#x10E0;&#x10D7;&#x10E5;&#x10D8;&#x10E4;&#x10D0;&#x10DC;&#x10D8;&#x10EB;&#x10D8;&#x10E1; &#x10E1;&#x10D0;&#x10E9;&#x10E3;&#x10E5;&#x10D0;&#x10E0;&#x10D8;</subfield>
    <subfield code="w">2024-03-22</subfield>
    <subfield code="y">CR</subfield>
  </datafield>
</record>
